000 00731nam a2200241 a 4500
001 000019320
005 20200929165959.0
008 100624s1987 sp 000 f spa d
020 _a8420602663
040 _aDO-SdBNP
_bspa
_cBNPHU
082 _aA863.4
_bC827ra
100 1 _aCortázar, Julio, 
_d1914-1984
_910688
245 1 0 _aRayuela /
_cJulio Cortázar.
260 _aMadrid :
_bAlianza,
_c1987.
300 _a549 p. ;
_c18 cm.
490 1 _aLibro de bolsillo. Literatura
_v1266
500 _aIncluye información de la obra en la contra cubierta.
650 4 _aNovela argentina
_93941
650 4 _aLiteratura argentina
_93860
830 0 _aLibro de bolsillo. Literatura;
_v1266
_99889
910 _aWM
049 _aBNGR
999 _c18837
_d18837